Statistics for States With Largest Lakes

Click here to take the quiz!

General Stats

  • This quiz has been taken 24 times
  • The average score is 7 of 10

Answer Stats

HintAnswer% Correct
343 mi^2California
90%
730 mi^2Florida
90%
1700 mi^2Utah
90%
1014 mi^2Alaska
81%
631 mi^2Louisiana
71%
215 mi^2Wisconsin
71%
382 mi^2Montana
67%
188 mi^2Nevada
67%
480 mi^2North Dakota
62%
427 mi^2Minnesota
38%

Score Distribution

Percentile by Number Answered

Percent of People with Each Score

Your Score History

You have not taken this quiz